Bars de Nantes - Statistiques

Statistiques générales
  • Ce quiz a été pris 100 fois
  • Le résultat moyen est 4 sur 16
Statistiques - réponses
Par images Réponse % Correct
Le bar du coin
60%
Coté Plage
53%
Le lieu unique
51%
La Scierie
37%
La Cantine du voyage
33%
La taverne royale
33%
Le chat noir
29%
Café du commerce
25%
Canaille Café
21%
Le Levrette Café
17%
Ruin Bar
16%
Au Vestiaire
15%
Bistrot du cours
13%
La guinguette du belvédère
13%
Berlin 1898
3%
La Prison du bouffay
1%
Aucun quiz correspondant
Distribution des résultats
% des personnes avec chaque résultat
Percentile par nombre de réponses
Votre historique - résultats
Vous n’avez pas pris ce quiz